Estadísticas para Escudos de fútbol argentino | Parte 1

Haz click aquí para intentar la prueba.

Estadísticas generales

  • Esta prueba ha sido intentada 140 veces
  • La puntuación promedio es 23 de 40

Estadísticas de respuestas

Respuesta% Correcto
Defensa y Justicia
96%
Estudiantes (La Plata)
96%
Newell's Old Boys
96%
Aldosivi
94%
Talleres (Córdoba)
92%
Quilmes
91%
Sarmiento (Junín)
90%
Ferro Carril Oeste
88%
Central Córdoba (Santiago del Estero)
87%
Temperley
83%
Deportivo Español
82%
Excursionistas
78%
Yupanqui
72%
Alvarado
71%
Deportivo Maipú
69%
Sol de Mayo
67%
Juventud Antoniana
66%
Villa Mitre
64%
Güemes (Santiago del Estero)
63%
Cañuelas
56%
Ituzaingó
56%
Argentino (Quilmes)
55%
Defensores Unidos
55%
Deportivo Paraguayo
55%
Argentino (Merlo)
46%
Victoriano Arenas
46%
Puerto Nuevo
40%
Centro Español
39%
Ferro Carril Oeste (General Pico)
38%
J. J. Urquiza
37%
Unión (Sunchales)
37%
Sportivo Las Parejas
35%
Sansinena
33%
Juventud Unida Universitario
29%
Germinal (Rawson)
23%
Círculo Deportivo
20%
Universitario (Córdoba)
16%
Atlético Alianza (San Juan)
7%
Atlético Palmira
6%
Atlético Marquesado (San Juan)
4%

Distribución de puntuación

Porcentaje por número respondido

Porcentaje de gente con cada puntuación

Historial de tus puntuaciones

No has intentado esta prueba.